Ausschuss für Archivrecht zu Gast im Staatsarchiv Basel-Stadt

Titel: Ausschuss für Archivrecht zu Gast im Staatsarchiv Basel-Stadt
Verfasser:
In: Arbido, Band 16, Heft 7/8 (2001), Seite 25-26
alle Artikel anzeigen
Veröffentlicht: 2001
Format: Aufsatz
Kein Bild verfügbar
X
alg: 44187806
001A    $03036:30-01-19 
001B    $01999:30-01-19 $t23:06:48.000 
001D    $03036:30-01-19 
001U    $0utf8 
001X    $00 
002@    $0Aox    
003@    $0441878067 
007A    $0441878067 $aHEB 
007T    $0ArchMa03432 
011@    $a2001 
021A    $aAusschuss für Archivrecht zu Gast im Staatsarchiv Basel-Stadt 
028A    $aZwicker $dJosef 
031A    $d16 $e7/8 $h25-26 $j2001 
039B    $aIn $8--Abvc--. Arbido. - Bern : Stämpfli, 1995-2016. - ISSN 1420-102X $x200100000160007975 $9048657298 
045T    $a24,1 

lok: 44187806 105

exp: 44187806 105 1 #EPN
201B/01 $030-01-19 $t12:53:57.000 
201C/01 $030-01-19 
201U/01 $0utf8 
203@/01 $01042226962 
208@/01 $a13-12-18 $be 
209A/01 $a/ $f106 $x00 
244Z/01 $aBasel $x01 
245Z/01 $a2.03. $bArchivwissenschaft und Archivtheorie / Archivrecht $x01 
245Z/01 $a4.12.01. $bArchivwesen Europas / Schweiz, Liechtenstein / Allgemeines $x02 
247C/01 $8->Marburg, Bibliographie zum Archivwesen der Archivschule Marburg $939588196X
LEADER 00000caa a22000002c 4500
001 441878067
003 DE-603
005 20190130230648.0
007 tu
008 190130s2001 xx |||| | u00||u|und c
035 |a (DE-599)HEB441878067 
040 |a DE-603  |b ger  |c DE-603  |d DE-603 
084 |a 24,1  |2 ssgn 
100 1 |a Zwicker, Josef 
245 0 0 |a Ausschuss für Archivrecht zu Gast im Staatsarchiv Basel-Stadt 
264 0 |c 2001 
773 0 8 |i In  |t Arbido  |d Bern : Stämpfli, 1995-2016  |x 1420-102X  |g Band 16, Heft 7/8 (2001), Seite 25-26  |w (DE-603)048657298  |w (DE-600)1221449-8 
924 0 |9 -  |a (DE-603)1042226962  |b DE-  |c HES  |d d  |g /